Szempontok az illúziótlan gondolkodáshoz. Az igazságról
Elmentve itt :
| Szerző: | |
|---|---|
| Adatforrás: | Meister |
| Forrásdokumentuma: | Helikon. - 18 sz., 1990, 8 p. |
| Nyelv: | magyar |
| Kulcsszavak: | ismeretelmélet filozófia igazság nyelv tény KANT Immanuel |
| LEADER | 00477nab a2200181 i 4500 | ||
|---|---|---|---|
| 001 | bibPRO00008719 | ||
| 008 | 060524s1990 xx hun | ||
| 040 | |a Sz1 | ||
| 041 | |a hun | ||
| 100 | 1 | |a SZÉKELY János | |
| 245 | 1 | 0 | |a Szempontok az illúziótlan gondolkodáshoz. Az igazságról |c SZÉKELY János |
| 695 | |a ismeretelmélet | ||
| 695 | |a filozófia | ||
| 695 | |a igazság | ||
| 695 | |a nyelv | ||
| 695 | |a tény | ||
| 695 | |a KANT Immanuel | ||
| 773 | 0 | |t Helikon. - |g 18 sz., 1990, 8 p. | |